| 000 | 02206nam a2200577 i 4500 | ||
|---|---|---|---|
| 001 | 22622 | ||
| 003 | KOSZ 005 | ||
| 005 | 20221024104033.0 | ||
| 008 | 221024s1984 pl a f 000 0 pol | ||
| 015 | _aUWD 1984/2425 | ||
| 020 | _a8321331416 | ||
| 035 | _a991009778219705066 | ||
| 035 | _a(PL-WaBN)b12641066-48omnis_nlop | ||
| 035 | _ab12641066 | ||
| 035 | _a(OCoLC)751374165 | ||
| 035 | _a(PL)b0000001264106 | ||
| 035 | _a(EXLNZ-48OMNIS_NETWORK)9910302299205606 | ||
| 040 |
_aWA N _cWA N _dKOSZ 005/HR _dKOSZ 005/RW |
||
| 046 | _k1984 | ||
| 080 | _a624.014.2 | ||
| 080 | _a691 | ||
| 100 | 1 |
_aBródka, Jan _d(1929- ) _eAutor |
|
| 245 | 1 | 0 |
_aBlachy fałdowe w budownictwie stalowym / _cJan Bródka, Rafał Garncarek, Krzysztof Miłaczewski ; [recenzent prof. dr hab. inż. Henryk Czudek]. |
| 250 | _aWydanie I. | ||
| 260 |
_aWarszawa : _b"Arkady", _c1984. |
||
| 300 |
_a159, [1] stron : _bfotografie, rysunki, wykresy ; _c24 cm. |
||
| 336 |
_aTekst _btxt _2rdacontent |
||
| 337 |
_aBez urządzenia pośredniczącego _bn _2rdamedia |
||
| 338 |
_aWolumin _bnc _2rdacarrier |
||
| 380 | _aKsiążki | ||
| 380 | _aPublikacje fachowe | ||
| 380 | _aPublikacje dydaktyczne | ||
| 385 |
_mPoziom nauczania _aSzkoły wyższe |
||
| 388 | 1 | _a1901-2000 | |
| 388 | 1 | _a1945-1989 | |
| 504 | _aBibliografia na stronach 157-[160]. | ||
| 521 | 8 | _aKsiążka przeznaczona jest dla inżynierów projektantów i wykonawców konstrukcji stalowych z zastosowaniem blach fałdowych oraz może być wykorzystywana przez studentów wydziałów budowlanych wyższych uczelni technicznych. | |
| 650 | 7 |
_aBlacha _2DBN |
|
| 650 | 7 | _aBudownictwo | |
| 650 | 7 |
_aKonstrukcje stalowe _2DBN |
|
| 650 | 7 | _aProjektowanie | |
| 655 | 7 | _aOpracowanie | |
| 658 | _aArchitektura i budownictwo | ||
| 700 | 1 |
_aGarncarek, Rafał Janusz _eAutor |
|
| 700 | 1 |
_aMiłaczewski, Krzysztof _eAutor |
|
| 700 | 1 |
_aCzudek, Henryk _d(1930-2006) _eRecenzja |
|
| 710 | 2 |
_aWydawnictwo Arkady _4pbl |
|
| 856 |
_uhttp://koha.tu.koszalin.pl/cgi-bin/koha/opac-detail.pl?biblionumber=22622 _zKatalog online BPK |
||
| 942 |
_2UKD _cKS |
||
| 999 |
_c22622 _d22622 |
||